00507nam a2200181Ii 45000010005000000030009000050080041000140400033000550410008000880820012000961000023001082450031001312640070001623000012002323360026002443370028002703380027002985312CO-ViMGA241108s9999||||xx |||||||||||||| ||und|| aCO-ViMGAbspaerdacCO-ViMGA0 aunk04a809-T691 aGuillermo de Torre10aLas metamorfosis de Proteo 1a[Lugar de publicación no identificado] : Editorial Losada, 1965 avolumen atextbtxt2rdacontent aunmediatedbn2rdamedia avolumebnc2rdacarrier